Top 10 państw z największym eksportem na mieszkańca - Statystyki

Ogólne statystyki
  • Ten quiz został rozwiązany 94 razy
  • Średni wynik to 6 z 10
Statystyki odpowiedzi
USD Państwo % Poprawnych
25,700 Luksemburg
72%
70,100 Singapur
71%
30,900 Katar
66%
86,000 Liechtenstein
63%
34,300 Holandia
62%
24,900 Monako
61%
33,200 Zjednoczone Emiraty Arabskie
59%
40,600 Belgia
56%
36,300 Szwajcaria
54%
34,800 Irlandia
33%
Nie znaleziono quizów pasujących do podanych kryteriów
Rozkład punktacji
Procent ludzi z każdym wynikiem
Percentyl według liczby udzielonych odpowiedzi
Twoja historia wyników
Nie rozwiązałeś tego quizu